Diseño y construcción de un medidor de flujo masico para vapor
Gardado en:
| Autor Principal: | |
|---|---|
| Formato: | Libro |
| Publicado: |
San José, Costa Rica
1993
|
| Materias: | |
| Etiquetas: |
Engadir etiqueta
Sen Etiquetas, Sexa o primeiro en etiquetar este rexistro!
|
MARC
| LEADER | 00000nam a2200000Ia 4500 | ||
|---|---|---|---|
| 003 | 006003 | ||
| 005 | 20221231144317.0 | ||
| 008 | 140114s1993 cr a m 000 ||s d | ||
| 040 | |c cru CEDI | ||
| 090 | |a TFG 2708 | ||
| 100 | |a Villalobos Villalobos, Luis Diego |9 12117 | ||
| 245 | |a Diseño y construcción de un medidor de flujo masico para vapor | ||
| 260 | |c 1993 |a San José, Costa Rica | ||
| 300 | |a ix, 174 hojas : ilustraciones ; 28 cm. | ||
| 500 | |a Práctica dirigida (licenciatura en ingeniería mecánica)--Universidad de Costa Rica. Facultad de Ingeniería. Escuela de Ingeniería Mecánica | ||
| 650 | |x MEDIDOR DE FLUJOS - DISEÑO Y CONSTRUCCION |9 12118 | ||
| 942 | |c TFG | ||
| 999 | |c 19951 |d 19951 | ||
